We Pilot & Plane / (Record no. 187165)
[ view plain ]
| 000 -LEADER | |
|---|---|
| fixed length control field | 00679 a2200157 4500 |
| 003 - CONTROL NUMBER IDENTIFIER | |
| control field | Nust |
| 005 - DATE AND TIME OF LATEST TRANSACTION | |
| control field | 20230403105401.0 |
| 040 ## - CATALOGING SOURCE | |
| Transcribing agency | Nust |
| 082 ## - DEWEY DECIMAL CLASSIFICATION NUMBER | |
| Classification number | 920.62,LIN |
| 100 ## - MAIN ENTRY--PERSONAL NAME | |
| Personal name | Lindbergh, Charles A |
| 9 (RLIN) | 111670 |
| 245 ## - TITLE STATEMENT | |
| Title | We Pilot & Plane / |
| Statement of responsibility, etc. | Charles A Lindbergh |
| 260 ## - PUBLICATION, DISTRIBUTION, ETC. | |
| Place of publication, distribution, etc. | London |
| Name of publisher, distributor, etc. | G. P Putnam s |
| 505 ## - FORMATTED CONTENTS NOTE | |
| Formatted contents note | Boyhood and Early Flights (Page-1), My First Plane (Page-17), Barnstorming Experiences (Page-37), Heading South (Page-54), Training at Books Field (Page-70), Receiving a Pilots Wings (Page-88),I Join the Air Mail (Page-110),Two Emergency Jumps (Page-128), San Diego-ST.Louis (Page-146), New York to Paris (Page-158). |
| 650 ## - SUBJECT ADDED ENTRY--TOPICAL TERM | |
| Topical term or geographic name entry element | Biography |
| 9 (RLIN) | 461 |
| 942 ## - ADDED ENTRY ELEMENTS (KOHA) | |
| Source of classification or shelving scheme | |
| Koha item type | Book |
| Withdrawn status | Lost status | Source of classification or shelving scheme | Damaged status | Not for loan | Permanent Location | Current Location | Shelving location | Date acquired | Full call number | Barcode | Date last seen | Price effective from | Koha item type | Public note |
|---|---|---|---|---|---|---|---|---|---|---|---|---|---|---|
| Military College of Signals (MCS) | Military College of Signals (MCS) | General Stacks | 12/12/2016 | 920.62,LIN | MCS29022 | 12/08/2016 | 12/12/2016 | Book | Almirah No.75, Shelf No.5 |
